|
|
|
|
| LEADER |
01565nam a2200301 u 4500 |
| 001 |
10116596 |
| 003 |
upatras |
| 005 |
20231208094614.0 |
| 008 |
150619s1993 gr gre |
| 020 |
|
|
|a 9607262700
|
| 040 |
|
|
|a GR-PaULI
|c GR-PaULI
|
| 041 |
0 |
|
|a gre
|
| 082 |
1 |
4 |
|a 292.08
|2 22
|
| 100 |
1 |
|
|a Κάντα-Κίτσου, Κατερίνα
|4 aut
|9 144772
|
| 245 |
1 |
0 |
|a Ελευσίνα
|b ο αρχαιολογικός χώρος και το Μουσείο της, μυθολογία-μυστήρια-ιστορία
|c Κατερίνα Κάντα-Κίτσου.
|
| 260 |
|
|
|a Αθήνα
|b Καρδαμίτσας
|c 1993
|
| 300 |
|
|
|a 119 σ.
|b 93 φωτ., χάρτες
|c 25 εκ.
|
| 504 |
|
|
|a Περιέχει βιβλιογραφία.
|
| 650 |
|
4 |
|a Ανασκαφές (Αρχαιολογία)
|z Ελλάδα
|z Αττική (Νομός)
|z Ελευσίνα
|9 144773
|
| 650 |
|
4 |
|a Αρχαιολογικά μουσεία και συλλογές
|z Ελλάδα
|z Ελευσίνα
|9 144774
|
| 650 |
|
4 |
|a Ιερά, Αρχαία Ελληνικά
|z Ελλάδα
|z Ελευσίνα
|9 144775
|
| 650 |
|
4 |
|a Ελευσίνια μυστήρια
|9 44648
|
| 651 |
|
4 |
|a Ελευσίνα (Αττική)
|x Αρχαιότητες
|9 102917
|
| 852 |
|
|
|a GR-PaULI
|b ΠΑΤΡΑ
|b ΘΕΑΤΡΟΛΟΓΙΑ
|k ΑΣΧΕ-3
|h 292.08 ΚΑΝ
|m 000304
|p 025000136777
|t 1
|
| 942 |
|
|
|2 ddc
|c BK15
|
| 952 |
|
|
|0 0
|1 0
|4 0
|6 292_080000000000000_ΚΑΝ
|7 0
|9 180438
|a THST
|b THST
|d 2016-04-24
|i 000304
|l 0
|o 292.08 ΚΑΝ
|p 025000136777
|r 2016-04-24 00:00:00
|t 1
|w 2016-04-24
|y BK15
|
| 998 |
|
|
|c ΜΑΝΙΑ
|d 2015-06
|
| 999 |
|
|
|c 111555
|d 111555
|